Statistics for NFL: The Top 100 Players of 2014

Click here to take the quiz!

General Stats

  • This quiz has been taken 4,424 times
  • The average score is 59 of 100

Answer Stats

#Answer2013 TeamPosition% Correct
1Peyton ManningDenver BroncosQB
99%
3Tom BradyNew England PatriotsQB
99%
4Adrian PetersonMinnesota VikingsRB
97%
2Calvin JohnsonDetroit LionsWR
97%
6Drew BreesNew Orleans SaintsQB
97%
11Aaron RodgersGreen Bay PackersQB
95%
21Andre JohnsonHouston TexansWR
95%
22Patrick PetersonArizona CardinalsCB
95%
7Richard ShermanSeattle SeahawksCB
95%
64Derrick JohnsonKansas City ChiefsILB
94%
67Jason PetersPhiladelphia EaglesOT
94%
12J.J. WattHouston TexansDE
93%
9A.J. GreenCincinnati BengalsWR
92%
14Marshawn LynchSeattle SeahawksRB
91%
20Russell WilsonSeattle SeahawksQB
89%
24Cam NewtonCarolina PanthersQB
88%
17Earl ThomasSeattle SeahawksFS
88%
8Jamaal CharlesKansas City ChiefsRB
87%
18Joe ThomasCleveland BrownsOT
87%
5LeSean McCoyPhiladelphia EaglesRB
87%
23Antonio BrownPittsburgh SteelersWR
86%
49Demaryius ThomasDenver BroncosWR
86%
28Gerald McCoyTampa Bay BuccaneersDT
86%
10Jimmy GrahamNew Orleans SaintsTE
85%
30Andrew LuckIndianapolis ColtsQB
84%
25Dez BryantDallas CowboysWR
84%
86Duane BrownHouston TexansOT
84%
34Phillip RiversSan Diego ChargersQB
82%
41Rob GronkowskiNew England PatriotsTE
77%
38Larry FitzgeraldArizona CardinalsWR
76%
71Tony RomoDallas CowboyQB
74%
31Ben RoethlisbergerPittsburgh SteelersQB
73%
58Joe FlaccoBaltimore RavensQB
73%
63DeSean JacksonPhiladelphia EaglesWR
72%
44Vincent JacksonTampa Bay BuccaneersWR
72%
33Aldon SmithSan Francisco 49ersOLB
69%
69Justin SmithSan Francisco 49ersDE
69%
15Luke KuechlyCarolina PanthersILB
69%
78Tyron SmithDallas CowboysOT
69%
100Matthew StaffordDetroit LionsQB
68%
40Ndamukong SuhDetroit LionsDT
68%
36Brandon MarshallChicago BearsWR
67%
46Frank GoreSan Francisco 49ersRB
67%
16Josh GordonCleveland BrownsWR
66%
51Vernon DavisSan Francisco 49ersTE
65%
29Mario WilliamsBuffalo BillsDE
64%
26Terrell SuggsBaltimore RavensOLB
64%
32Kyle WilliamsBuffalo BillsDT
63%
60Trent WilliamsWashington RedskinsOT
63%
81Colin KaepernickSan Francisco 49ersQB
61%
65Kam ChancellorSeattle SeahawksSS
61%
83Jordy NelsonGreen Bay PackersWR
60%
54Alshon JefferyChicago BearsWR
58%
70Nick FolesPhiladelphia EaglesQB
58%
98Jason WittenDallas CowboysTE
57%
27Patrick WillisSan Francisco 49ersILB
57%
87DeMarco MurrayDallas CowboysRB
56%
37Darrelle RevisTampa Bay BuccaneersCB
55%
50Eric BerryKansas City ChiefsSS
54%
90Eddie LacyGreen Bay PackersRB
53%
91Matt ForteChicago BearsRB
52%
77Clay MatthewsGreen Bay PackersOLB
51%
39Joe HadenCleveland BrownsCB
51%
76Von MillerDenver BroncosOLB
50%
47NaVorro BowmanSan Francisco 49ersILB
48%
61Troy PolamaluPittsburgh SteelersSS
46%
48Geno AtkinsCincinnati BengalsDT
45%
57Justin HoustonKansas City ChiefsOLB
45%
13Robert QuinnSt. Louis RamsDE
42%
56DeMarcus WareDallas CowboysOLB
41%
55Marshal YandaBaltimore RavensOG
41%
45Haloti NgataBaltimore RavensDT
40%
68Jared AllenMinnesota VikingsDE
39%
73Wes WelkerDenver BroncosWR
39%
66Cameron WakeMiami DolphinsDE
38%
88Evan MathisPhiladelphia EaglesOG
38%
80Pierre GarconWashington RedskinsWR
38%
19Robert MathisIndianapolis ColtsOLB
38%
35Lavonte DavidTampa Bay BuccaneersOLB
37%
42Muhammad WilkersonNew York JetsDE
37%
85Reggie BushDetroit LionsRB
37%
43Tamba HaliKansas City ChiefsOLB
37%
99Cameron JordanNew Orleans SaintsDE
36%
92Eric WeddleSan Diego ChargersFS
34%
52Vontaze BurfictCincinnati BengalsILB
30%
95Brent GrimesMiami DolphinsCB
28%
75Joe StaleySan Francisco 49ersOT
26%
79Aqib TalibNew England PatriotsCB
25%
62Marcell DareusBuffalo BillsDT
24%
93Ryan KalilCarolina PanthersC
23%
94Sheldon RichardsonNew York JetsDT
23%
53Greg HardyCarolina PanthersDE
21%
82T. J. WardCleveland BrownsFS
20%
59DeAndre LevyDetroit LionsOLB
19%
89Charles ClayMiami DolphinsTE
18%
72Antrel RolleNew York GiantsSS
16%
74Tim JenningsChicago BearsCB
16%
84Kiko AlonsoBuffalo BillsILB
13%
97Louis VasquezDenver BroncosOG
8%
96Daryl WashingtonArizona CardinalsOLB
6%

Score Distribution

Percentile by Number Answered

Percent of People with Each Score

Your Score History

You have not taken this quiz